Представление документа в формате RUSMARC

ПолеНазваниеЗначение
  Тип записи a
  Библиографический уровень m
001 Контрольный номер RU/CBS_UL/BASE/59210d3224074e9fbc1d0133f86f52e0
005 Дата корректировки 20260317105614.6
101 Язык документа __
a Язык текста rus
102 Страна публикации __
a Страна публикации RU
200 Заглавие и сведения об ответственности 0_
a Заглавие № 10 (11-17 март.)
210 Выходные данные __
d Дата издания 2026
461 Уровень набора __
1 2001
a Литературная газета
v № 10 (11-17 март.)
1 210
d 2026
801 Источник записи __
a Страна RU
b Организация МБУК ЦБС г. Ульяновска
g Правила каталогизации RCR
901 Тип документа __
w Контрольный № источника RU/CBS_Ul/BASE/418751206
t Тип документа h
909 Создатель записи __
a Создатель записи mbo